000 00483pab a2200169 454500
008 180718b2000 xxu||||| |||| 00| 0 eng d
100 _aAthreya, Venkatesh
245 _aTackling female infanticide: social mobilisation in Dharmapuri, 1997-99
260 _c2000
300 _ap.4345-348
362 _a2 Dec
650 _aInfanticide - India - Tamil Nadu
650 _aInfanticide
700 _aChunkath, Sheela Rani
773 _aEconomic and Political Weekly
909 _a46890
999 _c46890
_d46890